Pop Muzik Lyrics :) - Statistics

General Stats
  • This quiz has been taken 27 times
  • The average score is 204 of 419
Answer Stats
Hint Answer % Correct
a
88%
the
88%
I
82%
about
76%
it
76%
pop
76%
Pop
76%
(Pop,
76%
pop,
76%
Pop,
76%
Talk
76%
talk
76%
do
71%
Do
71%
in
71%
In
71%
fo,
65%
music
65%
music)
65%
music,
65%
everybody
59%
Everybody
59%
fi,
59%
race
59%
Radio,
59%
rat
59%
with
59%
boogie
53%
disco
53%
Fe,
53%
Forget
53%
London,
53%
New
53%
Paris,
53%
some,
53%
some
53%
suitcase
53%
video,
53%
you
53%
You
53%
like
47%
living
47%
me
47%
me?
47%
Munich
47%
Try
47%
wanna
47%
York,
47%
All
41%
all
41%
and
41%
buy
41%
down
41%
fum
41%
Let's
41%
milkshake
41%
shoo
41%
be
35%
dedicate
35%
hot
35%
made
35%
of
35%
Sell
35%
wop)
35%
wop
35%
You're
35%
activate
29%
cake
29%
car
29%
Dance
29%
doobie,
29%
Get
29%
get
29%
I'm
29%
infiltrate
29%
middle
29%
mo
29%
night
29%
on
29%
(Shoobie,
29%
Shoobie,
29%
world
29%
go
24%
It's
24%
it's
24%
street
24%
to
24%
way
24%
what
24%
are
18%
around
18%
back
18%
Don't
18%
Eenie,
18%
eenie
18%
fast
18%
Hit
18%
hit
18%
lane
18%
Listen
18%
listen
18%
meenie,
18%
meenie
18%
Moonlight
18%
muzak
18%
right
18%
rock
18%
say
18%
Singing
18%
subway
18%
supermarket
18%
They're
18%
Want
18%
want
18%
Wherever
18%
again
12%
anything
12%
between
12%
can't
12%
cle-
12%
clear-
12%
clear
12%
countdown
12%
Dig
12%
gunslinger
12%
headline
12%
hold
12%
jack
12%
(Jitterbug)
12%
jumping
12%
know
12%
Loud
12%
Lyin'
12%
meaning
12%
mienie,
12%
Mix
12%
nack
12%
Nick
12%
Now
12%
Now,
12%
our
12%
paddy
12%
playing
12%
:) Pop (x3)
12%
(Pop (x3)
12%
read
12%
shoeshine
12%
Shuffle
12%
singer
12%
song
12%
surround
12%
tree
12%
wack
12%
Whichever
12%
fever
6%
moltov
0%
No matching quizzes found
Score Distribution
Percent of People with Each Score
Percentile by Number Answered
Your Score History
You have not taken this quiz